| 000 | 00531nam a2200193 a 4500 | ||
|---|---|---|---|
| 001 | 1777026775449 | ||
| 003 | YourLibrary | ||
| 005 | 20260424160638.0 | ||
| 008 | 260424s2008##################000#0#eng## | ||
| 020 | _a9780754649588 | ||
| 082 | 0 | 4 |
_a344.401 _bROG |
| 100 | 1 |
_aRogowski, Ralf, _eauthor. |
|
| 245 | 1 | 0 | _aThe European Social Model and Transitional Labour Markets : |
| 260 |
_bAshgate Publishing, Ltd., _c2008. |
||
| 300 | _a378 pages | ||
| 650 | 0 | _aLaw. | |
| 942 | _cENGLISH | ||
| 040 |
_aYourLibrary _beng _cYourLibrary |
||
| 999 |
_c619777 _d619777 |
||